Subjetivismo e imputación objetiva en derecho /

Enregistré dans:
Détails bibliographiques
Auteur principal: Sancinetti, Marcelo A. (autor)
Format: Livre
Langue:espagnol
Publié: Bogotá, Colombia : Universidad Externado de Colombia, Centro de Investigaciones de Derecho Penal y Filosofía del Derecho, 1996, c1996
Collection:(Colección de Estudios ; 8)
Sujets:
Tags: Ajouter un tag
Pas de tags, Soyez le premier à ajouter un tag!

MARC

LEADER 00000nam^a2200000^a^4500
001 000142051
005 20250521000000.0
009 20260310095635.955
020 |a 958-616-290-7 
037 |a Acervo ITESO - Biblioteca 
041 |a ESP 
082 |a 345. 05  |b SAN 
100 |a Sancinetti, Marcelo A.  |e (autor) 
245 1 0 |a Subjetivismo e imputación objetiva en derecho /  |c M.A. Sancinetti. 
264 4 |a Bogotá, Colombia :  |b Universidad Externado de Colombia, Centro de Investigaciones de Derecho Penal y Filosofía del Derecho,  |c 1996, c1996 
300 |a 191 p. 
336 |a texto  |b txt  |2 rdacontenido 
337 |a sin mediación  |b n  |2 rdamedio 
338 |a volumen  |b nc  |2 rdasoporte 
440 1 |a (Colección de Estudios ;  |v 8) 
649 |a XX 
650 |a Delincuentes 
650 |a Legalidad e Ilegalidad 
650 |a Delitos 
650 |a Culpa (Derecho) 
650 |a Defensa Jurídica 
650 |a Acusaciones 
650 |a Acciones y Defensas 
650 |a Causas de Justificación 
650 |a Responsabilidad Penal 
650 |a Justicia -  |x Administración 
650 |a Proceso Penal 
650 |a Derecho Procesal Penal 
650 |a Derecho Procesal 
650 |a Derecho Penal 
650 |a Derecho Público 
650 |a Derecho Positivo 
650 |a Derecho -  |x Filosofía 
910 |a Fondo General 
920 |a Impresos - Libros 
930 |a Colección General 
905 |a 101 
901 |a 0500070728  |b IT1  |c ACC  |u 20250521 
902 |a https://opac.biblio.iteso.mx/vufind/Record/000142051